| 000 | 00560nam a2200217Ia 4500 | ||
|---|---|---|---|
| 003 | 0100 | ||
| 008 | 130307s9999 xx 000 0 und d | ||
| 040 | _cARRUPELIB | ||
| 050 | _aB765.T531 1964 | ||
| 100 | _aAquinas,St Thomas | ||
| 245 | _aSumma Theologiµ | ||
| 245 | _bLatin text and English translation, introductions, notes... | ||
| 260 | _aNew York | ||
| 260 | _bBlackfriars | ||
| 300 | _a165p. | ||
| 300 | _b21cm | ||
| 650 | _aPHILOSOPHY | ||
| 650 | _bPhenomenological theology | ||
| 650 | _cEthics, Christian- Catholic authors | ||
| 942 | 0 | 0 | _02 |
| 999 |
_c95006 _d95006 |
||